000 00444nam a22001577a 4500
005 20251108164244.0
008 250721s1960 xx 000 0 ara d
082 1 4 _a920/فتح
100 1 _aالصقال، فتح الله
245 1 0 _aثلاثون سنة في خدمة الإحسان 1929-1959 /
264 1 _aحلب :
_bمطبعة الضاد،
_c1960.
300 _a420 ص
650 1 7 _aالتراجم
942 _2ddc
_cBK
999 _c7595
_d7595